Mot mystérieux - Série 53 - Statistiques

Statistiques générales
  • Ce quiz a été pris 68 fois
  • Le résultat moyen est 6 sur 10
Statistiques - réponses
Indices Mot % Correct
cote - meteo - attentat - malibu alerte
85%
mage - galette - prusse - animaux roi
80%
solaire - montre - aiguille - tour cadran
76%
alerte - boeuf- argus - ivoire cote
75%
saturne - mariage - oreille- hameçon anneau
73%
régime - peau - flambée - sacoche banane
71%
station - panne - bois - voiture essence
60%
tableau - parole - garçon - légion honneur
58%
noire - vierge- appel - arbre forêt
29%
chien - fleurs - tête - aise mal
22%
Aucun quiz correspondant
Distribution des résultats
% des personnes avec chaque résultat
Percentile par nombre de réponses
Votre historique - résultats
Vous n’avez pas pris ce quiz